000
00326nam a2200145Ia 4500
008
240112s2010 xx 000 0 und d
022
_a
9731229
041
_a
eng
082
_a
616.05
100
_a
SCHWARTZ T.L.
245
_a
MENS SANA RESE.FOUNDATION
260
_b
MSM
_c
2010
300
_a
XVI;586;HB
_c
3
440
_v
28
999
_c
1143391
_d
1143391